000 00280nam a22001337a 4500
008 170920b xxu||||| |||| 00| 0 eng d
020 _a0394724798
041 _aeng
080 _a7
100 _a45
101 _aART
245 _aREADING DRAWINGS
_cLAMBERT,S
942 _2udc
_cBK
999 _c28398
_d28398